|
|
|
|
| LEADER |
01740nam a2200493 i 4500 |
| 001 |
nkc20223422196 |
| 003 |
CZ PrNK |
| 005 |
20221212064936.0 |
| 007 |
ta |
| 008 |
220518t20222022xr ach g 6 000 1 cze |
| 015 |
|
|
|a cnb003422196
|
| 020 |
|
|
|a 978-80-11-01604-3
|q (vázáno)
|
| 035 |
|
|
|a (OCoLC)1357139931
|
| 040 |
|
|
|a ABA001
|b cze
|e rda
|
| 043 |
|
|
|a e-xr---
|
| 045 |
|
|
|a x-x-
|
| 072 |
|
7 |
|a 741.52
|x Komiksy. Komiksové adaptace
|2 Konspekt
|9 21
|
| 080 |
|
|
|a 741.52(0:82-32)
|2 MRF
|
| 080 |
|
|
|a 741.52
|2 MRF
|
| 080 |
|
|
|a (437.3)
|2 MRF
|
| 080 |
|
|
|a (081.1)
|2 MRF
|
| 100 |
1 |
|
|a Konečný, Bohumil,
|d 1918-1990
|7 skuk0000703
|4 aut
|4 ill
|
| 245 |
1 |
0 |
|a Bimba :
|b velká kniha komiksů /
|c Bohumil Konečný
|
| 246 |
3 |
0 |
|a Velká kniha komiksů
|
| 250 |
|
|
|a 1. vydání v této knižní podobě
|
| 264 |
|
1 |
|a V Plzni :
|b Středoškolský klub ASK ČR při Gymnáziu,
|c 2022
|
| 300 |
|
|
|a 155 stran :
|b ilustrace (některé barevné), portréty, faksimile ;
|c 31 cm
|
| 336 |
|
|
|a text
|b txt
|2 rdacontent
|
| 336 |
|
|
|a statický obraz
|b sti
|2 rdacontent
|
| 337 |
|
|
|a bez média
|b n
|2 rdamedia
|
| 338 |
|
|
|a svazek
|b nc
|2 rdacarrier
|
| 600 |
1 |
7 |
|a Konečný, Bohumil,
|d 1918-1990
|7 skuk0000703
|2 czenas
|
| 648 |
|
7 |
|a 20. století
|7 ch460558
|2 czenas
|
| 650 |
0 |
7 |
|a komiks
|7 ph114952
|z Česko
|y 20. století
|2 czenas
|
| 650 |
0 |
9 |
|a comics
|z Czechia
|y 20th century
|2 eczenas
|
| 655 |
|
7 |
|a komiksy
|7 fd131978
|2 czenas
|
| 655 |
|
7 |
|a sebrané spisy
|7 fd133355
|2 czenas
|
| 655 |
|
9 |
|a comics (graphic works)
|2 eczenas
|
| 655 |
|
9 |
|a collected works
|2 eczenas
|
| 910 |
2 |
|
|a BOA001
|b 4-1500.054
|
| 990 |
|
|
|a BK
|
| 995 |
|
|
|a 01
|
| 991 |
|
|
|b 202212
|c NOV
|
| 996 |
6 |
|
|b 2610921671
|c 4-1500.054
|l MZK
|r Sklad / do 1 hodiny
|n 0
|p p.v.
|w 001905955
|u 000010
|a 1
|e BOA001
|j MZK50
|s P
|